000 00755nam a22001817a 4500
003 UA-OsUOA
001 14772
007 ta
008 20031019b un ||||| |||| 00| 0 ukr d
100 _aМаринович Н.
942 _cSA
040 _aUA-OsUOA
_cUA-OsUOA
_dUA-OsUOA
245 _a"Ми виховуємо майбутню еліту"
_b[Розмова з дир. Рівнен. держ. спеціаліз. школою 1-3 ступенів з поглибл. вивченням іноземних мов Н.Маринович]/Спілкувався В. Ярошевич
300 _aС.7
955 _a0
773 0 _w0
_tНова Волинь
_dРівне
_d2003
_g№38/11 верес./
650 7 _aКраєзнавча робота
_2UDC
999 _c300936
_d300936